La Bible et la nature (Record no. 163375)

MARC details
000 -LEADER
campo de control de longitud fija 00932nam a2200229 i 4500
001 - NÚMERO DE CONTROL
campo de control 163375
003 - IDENTIFICADOR DE NÚMERO DE CONTROL
campo de control ES-MaACL
005 - FECHA Y HORA DE LA ÚLTIMA TRANSACCIÓN
campo de control 20251111063352.0
008 - DATOS DE LONGITUD FIJA--INFORMACIÓN GENERAL
campo de control de longitud fija 990325s1867 fr |||| | fre d
040 ## - FUENTE DE CATALOGACIÓN
Centro catalogador/agencia de origen AN
Lengua de catalogación spa
Centro/agencia transcriptor AN
100 1# - ENTRADA PRINCIPAL--NOMBRE DE PERSONA
Nombre de persona Reusch, Franz Henri,
Fechas asociadas al nombre 1825-1900
9 (RLIN) 131735
245 13 - MENCIÓN DEL TÍTULO
Título La Bible et la nature
Resto del título : leçons sur l'histoire biblique de la création dans ses rapports avec les sciences naturelles /
Mención de responsabilidad, etc. par F. Henri Reusch ; ouvrage publié ... et traduit de l'allemand ... par L'Abbé Xavier Hertel.
260 ## - PUBLICACIÓN, DISTRIBUCIÓN, ETC.
Lugar de publicación, distribución, etc. Paris :
Nombre del editor, distribuidor, etc. Gaume Fréres et J. Duprey,
Fecha de publicación, distribución, etc. 1867.
300 ## - DESCRIPCIÓN FÍSICA
Extensión XI, 611 p. ;
Dimensiones 19 cm.
597 ## - NOTA DE DESCRIPCIÓN FÍSICA
NOTA DE DESCRIPCIÓN FÍSICA Antep.
630 #0 - PUNTO DE ACCESO ADICIONAL DE MATERIA--TÍTULO UNIFORME
Título uniforme Biblia-
Subdivisión de forma Comentarios.
9 (RLIN) 119238
650 #4 - PUNTO DE ACCESO ADICIONAL DE MATERIA--TÉRMINO DE MATERIA
Término de materia o nombre geográfico como elemento de entrada Práctica religiosa.
9 (RLIN) 136784
700 1# - ENTRADA AGREGADA--NOMBRE PERSONAL
Nombre de persona Hertel, Xavier.
9 (RLIN) 127937
852 ## - LOCALIZACIÓN
Ubicación ES-MaACL
Número de control de estantería G-12118
Nota libre -- Enc. hol.
Encuadernación -- T260: Completar (Corbeil: Typ. et stér. de Crété)
Holdings
Estatus retirado Estado de pérdida Estado de daño No para préstamo Colección Biblioteca de origen Biblioteca actual Ubicación en estantería Fecha de adquisición Fuente de adquisición Total de préstamos Signatura topográfica completa Código de barras Visto por última vez Precio de reemplazo Tipo de ítem Koha
        Libros del s. XIX Biblioteca del Ateneo de Madrid Biblioteca del Ateneo de Madrid Sala Pecera Planta 3 17/01/2008     G-12118 1171202 23/02/2023 23/02/2023 Libro impreso antiguo